00385nam a2200121Ia 4500008004100000082001500041100002900056245003200085300002200117942000700139999001900146952009800165230907s9999||||xx |||||||||||||| ||und|| a518.25,LAR aLarson, Mats G.,9115141 4aThe finite element method : axvii, 385 pages : cBK c597706d597706 00104070aCAS-EbCAS-Ed2018-03-12l0o518.25,LARpCAS-E0001805r2023-09-12w2023-09-12yBK